<?xml version="1.0" encoding="UTF-8"?>
<marc:record xmlns:marc="http://www.loc.gov/MARC21/slim">
   <marc:leader>00000nam a2200000 a 4500</marc:leader>
   <marc:datafield ind1="1" ind2=" " tag="100">
      <marc:subfield code="a">Messner, Reinhold</marc:subfield>
      <marc:subfield code="4">aut</marc:subfield>
      <marc:subfield code="e">Verfasser/-in</marc:subfield>
   </marc:datafield>
   <marc:datafield ind1=" " ind2=" " tag="653">
      <marc:subfield code="a">Bergsteigen</marc:subfield>
   </marc:datafield>
   <marc:datafield ind1=" " ind2=" " tag="653">
      <marc:subfield code="a">Abenteuer</marc:subfield>
   </marc:datafield>
   <marc:datafield ind1=" " ind2=" " tag="653">
      <marc:subfield code="a">Nanga Parbat</marc:subfield>
   </marc:datafield>
   <marc:datafield ind1=" " ind2=" " tag="653">
      <marc:subfield code="a">Günther Messner</marc:subfield>
   </marc:datafield>
   <marc:datafield ind1=" " ind2=" " tag="653">
      <marc:subfield code="a">Reiseerzählungen/Asien</marc:subfield>
   </marc:datafield>
   <marc:datafield ind1=" " ind2=" " tag="653">
      <marc:subfield code="a">Erlebnisbericht</marc:subfield>
   </marc:datafield>
   <marc:datafield ind1="0" ind2="0" tag="245">
      <marc:subfield code="a">Die weiße Einsamkeit</marc:subfield>
   </marc:datafield>
   <marc:datafield ind1="0" ind2="0" tag="245">
      <marc:subfield code="b">mein langer Weg zum Nanga Parbat</marc:subfield>
   </marc:datafield>
   <marc:datafield ind1="0" ind2="0" tag="245">
      <marc:subfield code="c">Reinhold Messner</marc:subfield>
   </marc:datafield>
   <marc:datafield ind1=" " ind2="1" tag="264">
      <marc:subfield code="a">München</marc:subfield>
      <marc:subfield code="b">Malik</marc:subfield>
   </marc:datafield>
   <marc:datafield ind1="1" ind2=" " tag="490">
      <marc:subfield code="a">Malik National Geographic</marc:subfield>
      <marc:subfield code="v">440</marc:subfield>
   </marc:datafield>
   <marc:datafield ind1=" " ind2=" " tag="250">
      <marc:subfield code="a">Aktualisierte und erweiterte Taschenbuchausgabe</marc:subfield>
   </marc:datafield>
   <marc:datafield ind1="1" ind2=" " tag="520">
      <marc:subfield code="a">Angaben aus der Verlagsmeldung

Die weiße Einsamkeit : Mein langer Weg zum Nanga Parbat / von Reinhold Messner

1970 gelang den Brüdern Messner die Überschreitung des Nanga Parbat. Doch im Erfolg erlebte Reinhold seine größte Niederlage: Sein Bruder Günther wurde unter einer Eislawine begraben. Immer wieder ist Messner danach an den »Nackten Berg« zurückgekehrt;1978 meisterte er den Berg im Alleingang mit neuer Route und neuem Stil. Nirgendwo liegen für ihn Triumph und Tragödie so eng beieinander. »Die weiße Einsamkeit« ist eine Geschichte zwischen Schuld und Schicksal sowie die bewegte Chronik jenes Berges. 2005 endlich wurde mithilfe einer DNA-Analyse eindeutig nachgewiesen, dass Günther Messner erst nach der gemeinsamen Überschreitung am Fuß der Diamirwand des Berges verunglückt ist.
</marc:subfield>
   </marc:datafield>
   <marc:datafield ind1=" " ind2=" " tag="020">
      <marc:subfield code="a">9783492404402</marc:subfield>
      <marc:subfield code="9">9783492404402</marc:subfield>
   </marc:datafield>
   <marc:datafield ind1=" " ind2=" " tag="020">
      <marc:subfield code="a">3492404405</marc:subfield>
      <marc:subfield code="9">3492404405</marc:subfield>
   </marc:datafield>
   <marc:datafield ind1=" " ind2=" " tag="041">
      <marc:subfield code="a">ger</marc:subfield>
   </marc:datafield>
   <marc:datafield ind1=" " ind2=" " tag="300">
      <marc:subfield code="a">348 Seiten</marc:subfield>
   </marc:datafield>
</marc:record>
